Diseño preliminar del Proyecto Hidroeléctrico Laguna Hule

Zapisane w:
Opis bibliograficzny
1. autor: Jiménez Cordero, Alberto
Format: Książka
Wydane: [San José , Costa Rica] 1995
Hasła przedmiotowe:
Etykiety: Dodaj etykietę
Nie ma etykietki, Dołącz pierwszą etykiete!

MARC

LEADER 00000nam a2200000Ia 4500
003 007758
005 20221231144253.0
008 140114s1995 cr a m 000 ||s d
040 |c cru CEDI  
090 |a TFG 3338 
100 |a Jiménez Cordero, Alberto  |9 10673 
245 |a Diseño preliminar del Proyecto Hidroeléctrico Laguna Hule 
260 |c 1995  |a  [San José , Costa Rica] 
300 |a  [131] hojas : ilustraciones (algunas plegables)  
500 |a Proyecto de graduación (licenciatura en ingeniería civil)--Universidad de Costa Rica. Facultad de Ingeniería. Escuela de Ingeniería Civil 
650 |x INSTITUTO COSTARRICENSE DE ELECTRICIDAD.. PROYECTO HIDROELECTRICO LAGUNA HULE   |x ENERGIA HIDRAULICA - ASPECTOS ECONOMICOS  |9 10674 
942 |c TFG 
999 |c 19367  |d 19367